000
00198 a2200097 4500
001
9375
100
_a
HMS
245
_a
Handbook of line communication
260
_a
_b
H M S
_c
090
_c
7536
_d
7536
942
_a
NUST-CAE
_c
M
_c
34196
999
_c
244448
_d
244448